000 00602nam a2200229Ia 4500
003 OSt
005 20220928110002.0
006 a|||||r|||| 00| 0
007 ta
008 220927b |||||||| |||| 00| 0 eng d
024 _a46215
037 _cTextual
040 _aSDCL
_cSDCL
_beng
041 _2eng
_aeng
082 _aO152,1M84x, M5
100 _aNagendra Ed.
_9417603
245 0 _aVishwa saahityashashtra.
260 _aKashi
_bNaagriparcharini Sabha
_c1985
300 _a414p.
_ccm.
942 _hO152,1M84x, M5
_cTEXL
_2CC
999 _c733591
_d733591